Bandeiras em preto e branco - Statistics

Estatísticas Gerais
  • Esse quiz foi jogado 96 vezes
    81 desde o último reset
  • A pontuação média é 8 de 10
Estatísticas das Respostas
Questão Resposta % Correto
Cazaquistão
100%
Irã
100%
Suriname
98%
Tunísia
95%
Laos
89%
Bangladesh
77%
Catar
73%
Líbia
70%
Andorra
66%
Suécia
52%
Nenhum quiz correspondente encontrado
Distribuição das Pontuações
Porcentagem de Pessoas com Cada Pontuação
Percentil de Números Respondidos
Sua Pontuação Histórica
Você não jogou esse quiz desde o último reset